Statistiken für Griechisches Alphabet

Klicken Sie hier um das Quiz zu spielen!

Allgemein

  • Dieses Quiz wurde 1.865 mal gespielt
  • Das Durchschnittsergebnis liegt bei 14 aus 24

Antwortstatistiken

HintAntwort% Korrekt
Β, βBeta
95%
Α, αAlpha
92%
Ζ, ζZeta
91%
Κ, κKappa
90%
Μ, μMy
88%
Ω, ωOmega
88%
Ν, νNy
85%
Υ, υYpsilon
83%
Ι, ιIota
81%
Ε, εEpsilon
77%
Δ, δDelta
72%
Π, πPi
72%
Ο, οOmikron
69%
Τ, τTau
55%
Λ, λLambda
53%
Σ, σSigma
47%
Φ, φPhi
40%
Γ, γGamma
37%
Ψ, ψPsi
31%
Ρ, ρRho
29%
Θ, θTheta
26%
Η, ηEta
25%
Ξ, ξXi
13%
Χ, χChi
12%

Verteilung der Resultate

Perzentil nach korrekt beantworteten Fragen

Anzahl Personen mit jedem Resultat

Ihre Resultats-Entwicklung

Sie haben dieses Quiz noch nicht gespielt